1310 1758 1408 1873 1583 1359 1262 1177 1493 1348 1943 1768 1892 1830 1267 1191 1487 1722 1968 1564 1008 1524 1839 1529 1847 1840 1481 1711 1338 1726 1829 1182 1865 1211 1497 1382 1699 1777 1608 1869 1183 1243 1314 1036 1495 1257 1678 1639 1343 1375 1625 1346 1665 1861 1428 1726 1437 1275 1924 1403 1073 1741 1100 1294 1230 1283 1428 1178 1751 1365 1768 1791 1059 1956 1377 1400 1019 1202 1522 1563 1167 1607 1475 1689 1823 1404 1143 1795 1260 1185 1108 1088 1728 1248 1789 1001 1657 1551 1392 BCNSPRNW ULIB Ver.6.0+V

เปลี่ยนเป็นภาษาไทย

Change to English
 แสดงรายละเอียดบรรณานุกรม
  กลับหน้าหลัก

Brief Record : Get Marc (ISO 2709) : E-mail record : QR code < ปิดหน้าต่าง
LEADER : 00000nam 2200000uu 4500
001    13399124647
003     ULIB
008    020711s2003 th a 000 0 eng d
020    9740431143
099    วพ.WS115^bN237R
100    Narumol Gajaseni
245    Relationships Among Selected Basic Conditioning Factors,Child-Care Agency, And Maternal CareGiving Behaviors Upon Febrile Children Aged 3 Months To 6 Years./^cNarumol Gajaseni
260    Bangkok :^bMahidol University,^c2003
300    103 pages;^b29.5 cm
650    Child-Care Agency^xThesis
945    ^p0^l0^i000188
รายการนี้ยังไม่มีแท็ก
คุณยังไม่ได้ล็อกอิน คุณสามารถมีกิจกรรมร่วมกับเว็บไซต์ได้ แต่ต้องล็อกอินก่อน ::
  ล็อกอิน

รายการสื่อสารสนเทศ

ลำดับที่ ประเภท เลขเรียก/บาร์โค้ด สถานที่ สถานะ
1. วิทยานิพนธ์
วิทยานิพนธ์
วพ.WS115 N237R ฉ.1 
  Barcode: 000188
ห้องสมุดวิทยาเขตสวรรค์ประชารักษ์
►วิจัย
บนชั้น

BibComment


ยังไม่เคยถูกคอมเมนท์

คอมเมนท์ทรัพยากรรายการนี้
  คอมเมนท์: Relationships Amo..


 Copyright 2026. Bcnsprnw @Library